000 00585cam a2200217 4500
008 090401t1990 xxu||||| |||| 00| 0 eng d
020 _a0906182506
035 _a(Sirsi) u18667
041 _aeng
050 _a690.24
100 _aPitt, Terry
245 _aExpert systems and condition surveys
260 _aKingston upon Thames
_bBuilding Maintenance Information Ltd
_c1990
300 _a11p. ; 30cm.
350 _a25
490 _aSerial
_v187
650 _aBMI
650 _aBUILT ENVIRONMENT-BUILDING MAINTENANCE AND REFURBISHMENT
942 _n0
948 _c04/03/1997
999 _c87609
_d87609